新潟県のスキー場 - Statistics

General Stats
  • This quiz has been taken 33 times
    10 since last reset
  • The average score is 9 of 47
Answer Stats
所在地 スキー場名 % Correct
湯沢町 ガーラ湯沢スキー場
80%
湯沢町 苗場スキー場
60%
湯沢町 岩原スキー場
50%
南魚沼市 上越国際スキー場
50%
十日町市 上越国際スキー場
50%
湯沢町 かぐらスキー場
40%
湯沢町 神立スノーリゾート
40%
湯沢町 湯沢高原スキー場
30%
南魚沼市 石打丸山スキー場
30%
妙高市 赤倉温泉スキー場
30%
妙高市 妙高杉ノ原スキー場
30%
湯沢町 中里スノーウッドスキー場
20%
湯沢町 ナスパスキーガーデン
20%
湯沢町 湯沢パークスキー場
20%
南魚沼市 舞子スノーリゾート
20%
魚沼市 奥只見丸山スキー場
20%
魚沼市 須原スキー場
20%
十日町市 松代ファミリースキー場
20%
津南町 ニュー・グリンピア津南スキー場
20%
長岡市 長岡市営スキー場
20%
妙高市 ロッテアライリゾート
20%
新発田市 ニノックススノーパーク
20%
湯沢町 一本杉スノーパーク
10%
湯沢町 湯沢中里スノーリゾート
10%
南魚沼市 六日町八海山スキー場
10%
南魚沼市 八海山麓スキー場
10%
魚沼市 小出スキー場
10%
十日町市 松之山温泉スキー場
10%
長岡市 とちおファミリースキー場
10%
柏崎市 高柳ガルルのスキー場
10%
妙高市 赤倉観光リゾートスキー場
10%
妙高市 関温泉スキー場
10%
上越市 キューピットバレイ
10%
糸魚川市 糸魚川シーサイドバレースキー場
10%
阿賀町 三川・温泉スキー場
10%
佐渡市 佐渡市平スキー場
10%
村上市 ぶどうスノーリゾート
10%
南魚沼市 シャトー塩沢スキー場
0%
南魚沼市 ムイカスノーリゾート
0%
魚沼市 薬師スキー場
0%
長岡市 古志高原スキー場
0%
妙高市 池の平温泉アルペンブリックスキー場
0%
妙高市 休暇村妙高ルンルンスキー場
0%
上越市 金谷山スキー場
0%
糸魚川市 シャルマン火打スキー場
0%
胎内市 胎内スキー場
0%
加茂市 冬鳥越スキーガーデン
0%
No matching quizzes found
Score Distribution
Percent of People with Each Score
Percentile by Number Answered
Your Score History
You have not taken this quiz since the last reset